The strategy of economic planning, (Record no. 56498)

MARC details
000 -LEADER
fixed length control field 00674cam a22002291 4500
001 - CONTROL NUMBER
control field sa 64000940
003 - CONTROL NUMBER IDENTIFIER
control field DLC
005 - DATE AND TIME OF LATEST TRANSACTION
control field 20260227111959.0
008 - FIXED-LENGTH DATA ELEMENTS--GENERAL INFORMATION
fixed length control field 720125s1963 pk a 000 0 eng
010 ## - LIBRARY OF CONGRESS CONTROL NUMBER
LC control number sa 64000940
015 ## - NATIONAL BIBLIOGRAPHY NUMBER
National bibliography number GB64-5743
025 ## - OVERSEAS ACQUISITION NUMBER
Overseas acquisition number PL480:P-E-348
035 ## - SYSTEM CONTROL NUMBER
System control number (OCoLC)228199
040 ## - CATALOGING SOURCE
Original cataloging agency DLC
Transcribing agency ODaWU
Modifying agency OCoLC
-- Uk
-- DLC
042 ## - AUTHENTICATION CODE
Authentication code premarc
050 00 - LIBRARY OF CONGRESS CALL NUMBER
Classification number HC440.5
Item number .H25
100 1# - MAIN ENTRY--PERSONAL NAME
Personal name Haq, Mahbub ul,
Dates associated with a name 1934-1998.
245 14 - TITLE STATEMENT
Title The strategy of economic planning,
Remainder of title a case study of Pakistan.
260 ## - PUBLICATION, DISTRIBUTION, ETC.
Place of publication, distribution, etc. Karachi,
Name of publisher, distributor, etc. Pakistan Branch, Oxford University Press,
Date of publication, distribution, etc. 1963.
300 ## - PHYSICAL DESCRIPTION
Extent xi, 266 p.
Other physical details tables.
Dimensions 23 cm.
651 #0 - SUBJECT ADDED ENTRY--GEOGRAPHIC NAME
Geographic name Pakistan
General subdivision Economic policy.

No items available.

Powered by Koha